Rajput politics, (Record no. 76075)
[ view plain ]
| 000 -LEADER | |
|---|---|
| fixed length control field | 00792cam a22002651 4500 |
| 001 - CONTROL NUMBER | |
| control field | sa 67006616 |
| 003 - CONTROL NUMBER IDENTIFIER | |
| control field | DLC |
| 005 - DATE AND TIME OF LATEST TRANSACTION | |
| control field | 20260227112409.0 |
| 008 - FIXED-LENGTH DATA ELEMENTS--GENERAL INFORMATION | |
| fixed length control field | 780518s1964 ii c b 000 0 eng |
| 010 ## - LIBRARY OF CONGRESS CONTROL NUMBER | |
| LC control number | sa 67006616 |
| 025 ## - OVERSEAS ACQUISITION NUMBER | |
| Overseas acquisition number | PL480:I-E-8568 |
| 035 ## - SYSTEM CONTROL NUMBER | |
| System control number | (OCoLC)3906166 |
| 040 ## - CATALOGING SOURCE | |
| Original cataloging agency | DLC |
| Transcribing agency | MiRochOU |
| Modifying agency | MiRochOU |
| -- | OCoLC |
| -- | DLC |
| 042 ## - AUTHENTICATION CODE | |
| Authentication code | premarc |
| 043 ## - GEOGRAPHIC AREA CODE | |
| Geographic area code | a-ii--- |
| 050 00 - LIBRARY OF CONGRESS CALL NUMBER | |
| Classification number | DS451 |
| Item number | .A9 |
| 100 1# - MAIN ENTRY--PERSONAL NAME | |
| Personal name | Awasthi, A. B. L. |
| 245 10 - TITLE STATEMENT | |
| Title | Rajput politics, |
| Statement of responsibility, etc. | by A.B.L. Awasthi. |
| -- | With a foreword by R.K. Dikshit. |
| 250 ## - EDITION STATEMENT | |
| Edition statement | [1st ed.] |
| 260 ## - PUBLICATION, DISTRIBUTION, ETC. | |
| Place of publication, distribution, etc. | Lucknow, |
| Name of publisher, distributor, etc. | Kailash Prakashan, |
| Date of publication, distribution, etc. | 1964. |
| 300 ## - PHYSICAL DESCRIPTION | |
| Extent | xiv, 95 p. |
| Other physical details | ports. |
| Dimensions | 23 cm. |
| 504 ## - BIBLIOGRAPHY, ETC. NOTE | |
| Bibliography, etc. note | Bibliography: p. [82]-84. |
| 651 #0 - SUBJECT ADDED ENTRY--GEOGRAPHIC NAME | |
| Geographic name | India |
| General subdivision | Politics and government |
| Chronological subdivision | Ancient period. |
| 650 #0 - SUBJECT ADDED ENTRY--TOPICAL TERM | |
| Topical term or geographic name entry element | Rajput (Indic people) |
| General subdivision | History. |
No items available.